Etika a komunikace v medicíně / Radek Ptáček, Petr Bartůněk a kolektiv
Record details
- ISBN: 978-80-247-3976-2 (brož.)
- Physical Description: 528 s. : il. ; 24 cm
- Publisher: Praha : Grada, c2011
Content descriptions
| Bibliography, etc. Note: | Obsahuje bibliografie a rejstříky |
| Language Note: | Anglické resumé |
Search for related items by subject
| Subject: | lékař a pacient interpersonální komunikace lékařská etika physician and patient interpersonal communication medical ethics |
| Genre: | kolektivní monografie collective monographs |
Search for related items by series
Available copies
- 0 of 1 copy available at Common Catalog SPOK.
Holds
- 0 current holds with 1 total copy.
Show Only Available Copies
| Location | Call Number / Copy Notes | Barcode | Shelving Location | Status | Due Date |
|---|---|---|---|---|---|
| Jabok Library | ET-8/P | 424480025239 | Odborná literatura | Checked out | 08.09.2025 |
| LDR | 02303nam a2200637 a 4500 | ||
|---|---|---|---|
| 001 | 16177 | ||
| 003 | CZ-PrJAB | ||
| 005 | 20120119112951.0 | ||
| 007 | ta | ||
| 008 | 111028s2011 xr a f 001 0 cze | ||
| 015 | . | ‡acnb002249551 | |
| 020 | . | ‡a978-80-247-3976-2 (brož.) | |
| 035 | . | ‡a(CONS)16177 | |
| 035 | . | ‡a(CZ PrSKC)nkc20112249551 | |
| 040 | . | ‡aOLA001 ‡bcze ‡dBOA001 ‡dABA001 | |
| 041 | 0 | . | ‡acze ‡beng |
| 072 | 7. | ‡a614 ‡xVeřejné zdraví a hygiena ‡2Konspekt ‡914 | |
| 080 | . | ‡a614.253 ‡2MRF | |
| 080 | . | ‡a316.772.4 ‡2MRF | |
| 080 | . | ‡a(048.8:082) ‡2MRF | |
| 100 | 1 | . | ‡aPtáček, Radek ‡7mzk2006322987 ‡4aut |
| 245 | 1 | 0. | ‡aEtika a komunikace v medicíně / ‡cRadek Ptáček, Petr Bartůněk a kolektiv |
| 260 | . | ‡aPraha : ‡bGrada, ‡cc2011 | |
| 300 | . | ‡a528 s. : ‡bil. ; ‡c24 cm | |
| 490 | 1 | . | ‡aEdice celoživotního vzdělávání ČLK |
| 504 | . | ‡aObsahuje bibliografie a rejstříky | |
| 546 | . | ‡aAnglické resumé | |
| 650 | 0 | 7. | ‡alékař a pacient ‡7ph122494 ‡2czenas |
| 650 | 0 | 7. | ‡ainterpersonální komunikace ‡7ph121153 ‡2czenas |
| 650 | 0 | 7. | ‡alékařská etika ‡7ph115193 ‡2czenas |
| 650 | 0 | 9. | ‡aphysician and patient ‡2eczenas |
| 650 | 0 | 9. | ‡ainterpersonal communication ‡2eczenas |
| 650 | 0 | 9. | ‡amedical ethics ‡2eczenas |
| 655 | 7. | ‡akolektivní monografie ‡7fd501537 ‡2czenas | |
| 655 | 9. | ‡acollective monographs ‡2eczenas | |
| 700 | 1 | . | ‡aBartůněk, Petr, ‡d1939- ‡7jk01010999 ‡4aut |
| 830 | 0. | ‡aEdice celoživotního vzdělávání ČLK | |
| 900 | . | ‡aABA001 ‡b17 | |
| 910 | . | ‡aABG312 | |
| 998 | . | ‡a005099013 | |
| 901 | . | ‡a16177 ‡b ‡c16177 ‡tbiblio | |